Les films d'Adèle Haenel - Statistiques

Statistiques générales
  • Ce quiz a été pris 21 fois
  • Le résultat moyen est 10 sur 17
Statistiques - réponses
Par images Réponse % Correct
La Fille inconnue
73%
Le Daim
73%
Portrait de la jeune fille en feu
73%
120 battements par minute
64%
En liberté !
64%
Les Combattants
64%
Les diables
64%
L'Homme qu'on aimait trop
64%
Naissance des pieuvres
64%
Suzanne
64%
L'Apollonide : Souvenirs de la maison close
55%
Alyah
45%
Les Fleurs fanées
45%
Les héros ne meurent jamais
45%
Les Ogres
45%
Orpheline
45%
Un peuple et son roi
36%
Aucun quiz correspondant
Distribution des résultats
% des personnes avec chaque résultat
Percentile par nombre de réponses
Votre historique - résultats
Vous n’avez pas pris ce quiz